[Event "41st Olympiad Women 2014"]
[Site "Tromso NOR"]
[Date "2014.08.06"]
[Round "5.57"]
[Board "1"]
[White "Jumba, Gloria"]
[Black "Puuska, Heini"]
[Result "0-1"]
[BlackTitle "WFM"]
[WhiteElo "1507"]
[BlackElo "1975"]
[WhiteTeam "Kenya"]
[BlackTeam "Finland"]
[WhiteFideId "10800794"]
[BlackFideId "502324"]
[EventDate "2014.08.02"]

1. d4 g6 2. c4 Bg7 3. Nc3 d6 4. e4 e5 5. dxe5 dxe5 6. Qxd8+ Kxd8 7. Be3 c6 8.
Nf3 f6 9. Be2 Nh6 10. O-O Be6 11. Rad1+ Nd7 12. b4 Ke7 13. h3 Nf7 14. Nd2 f5 15.
f3 f4 16. Bf2 h5 17. h4 Bf6 18. Nb3 g5 19. hxg5 Nxg5 20. Nc5 Nxc5 21. Bxc5+ Kf7
22. b5 Rag8 23. Kh2 h4 24. Bf2 Rg7 25. bxc6 bxc6 26. Rd6 Rc8 27. Rb1 Rc7 28. Rd2
h3 29. g4 fxg3+ 30. Bxg3 Bc8 31. Rf1 Ne6 32. Na4 Nf4 33. Nc5 Nh5 34. Rg1 Nxg3
35. Rxg3 Bg5 36. Rxg5 Rxg5 37. Bf1 Ke7 38. Nb3 Rd7 39. Rxd7+ Bxd7 40. c5 Be6 41.
Nc1 Rg8 42. Nb3 Rb8 43. Na5 Rb2+ 44. Kg3 Kd7 45. Bxh3 Bxh3 46. Kxh3 Rxa2 47. Nc4
Ke6 48. Kg3 Rc2 49. Na3 Rxc5 50. Kf2 a5 51. Ke2 Rc3 52. Nb1 Rb3 53. Nd2 Rb4 54.
Kd3 a4 55. Kc3 Rb7 0-1

[Event "41st Olympiad Women 2014"]
[Site "Tromso NOR"]
[Date "2014.08.06"]
[Round "5.57"]
[Board "2"]
[White "Nazarova, Anastasia"]
[Black "Wambugu, Jane Wanjiru"]
[Result "1/2-1/2"]
[WhiteTitle "WCM"]
[BlackTitle "WCM"]
[WhiteElo "1904"]
[BlackElo "1530"]
[WhiteTeam "Finland"]
[BlackTeam "Kenya"]
[WhiteFideId "34101737"]
[BlackFideId "10800310"]
[EventDate "2014.08.02"]

1. d4 g6 2. Nf3 c6 3. g3 d5 4. Bg2 Bg7 5. O-O Bg4 6. Ne5 Nf6 7. Bg5 Bd7 8. Nd2
O-O 9. c4 dxc4 10. Ndxc4 Nd5 11. Bd2 Qc7 12. e4 Nb6 13. Bf4 Qd8 14. Rc1 f6 15.
Nf3 Bg4 16. h3 Bxf3 17. Bxf3 N8d7 18. Qb3 Kh8 19. Rfd1 Nxc4 20. Rxc4 Nb6 21.
Rcc1 Qe8 22. a4 Qf7 23. Qb4 e5 24. Be3 Rfd8 25. a5 Bf8 26. Qc3 exd4 27. Bxd4 Nd7
28. Bg4 Bg7 29. Kg2 Ne5 30. Be2 Qe6 31. Qe3 Nf7 32. Bc4 Qe8 33. Bxf7 Qxf7 34.
Bxa7 Re8 35. f4 f5 36. e5 Qa2 37. Rd2 Qxa5 38. Bb6 Qb5 39. Qc5 Qxc5 40. Bxc5 Bf8
41. Bxf8 Rxf8 42. Rd7 Rab8 43. Rcd1 Kg8 44. Kf3 c5 45. Rc7 Rbd8 46. Rdd7 Rxd7
47. Rxd7 b5 48. Rc7 Rd8 49. Ke3 c4 50. Rc5 Rd3+ 1/2-1/2

[Event "41st Olympiad Women 2014"]
[Site "Tromso NOR"]
[Date "2014.08.06"]
[Round "5.57"]
[Board "3"]
[White "Shah, Riya"]
[Black "Walta, Paivi"]
[Result "0-1"]
[WhiteTitle "WCM"]
[BlackTitle "WFM"]
[WhiteElo "1289"]
[BlackElo "1794"]
[WhiteTeam "Kenya"]
[BlackTeam "Finland"]
[WhiteFideId "10800387"]
[BlackFideId "504513"]
[EventDate "2014.08.02"]

1. d4 f5 2. c4 Nf6 3. Nc3 g6 4. Bf4 d6 5. Nf3 Bg7 6. e3 O-O 7. Bd3 c6 8. Qb3 Kh8
9. O-O Qe8 10. h3 Na6 11. Rfe1 Nh5 12. Bh2 e5 13. dxe5 dxe5 14. e4 Nc5 15. Qc2
f4 16. Rad1 Bf6 17. b3 g5 18. Nd2 Ne6 19. Ne2 Rg8 20. f3 Nc5 21. b4 Nxd3 22.
Qxd3 Be6 23. a3 Rd8 24. Qc2 Qf7 25. Rb1 Ng7 26. Kh1 h5 27. Ng1 g4 28. hxg4 hxg4
29. fxg4 Bxg4 30. Ngf3 Nh5 31. Nf1 Rg7 32. Rb2 Rh7 33. Kg1 Rg8 34. Kf2 Ng7 35.
Re2 Ne6 36. Rd2 Bxf3 37. gxf3 Bh4+ 38. Ke2 Qh5 39. Qc3 Bf6 40. Kd1 Qh3 41. Qd3
Nd4 42. Kc1 Nxf3 43. Rf2 Nd4 44. Qxh3 Rxh3 45. a4 Rc3+ 46. Kd2 Rxc4 47. Kd3 Rc1
48. a5 Rd8 49. Kd2 Ra1 50. Kc3 Ra3+ 51. Kd2 Nb5+ 52. Ke1 Ra1+ 53. Ke2 Nc3+ 54.
Kf3 Rd3+ 55. Kg2 Nxe4 56. Rfe2 Ng5 57. Red2 Rf3 58. Rf2 e4 59. Rbc2 Be5 60. Rc4
Rxf2+ 61. Kxf2 Ra2+ 62. Ke1 Nf3+ 63. Kd1 Nxh2 64. Nxh2 Rxh2 65. Rxe4 Rh5 66. Ke2
Kg7 67. Kf3 Kf6 68. Re2 Kf5 69. Rc2 Rh3+ 70. Kg2 Rb3 71. Rc4 Bd6 72. Rc2 Bxb4
73. a6 bxa6 74. Rxc6 a5 75. Ra6 f3+ 76. Kf1 Ke4 77. Rxa7 Rb1+ 78. Kf2 Bc5+ 0-1

[Event "41st Olympiad Women 2014"]
[Site "Tromso NOR"]
[Date "2014.08.06"]
[Round "5.58"]
[Board "3"]
[White "Vukikomoala, Hilda"]
[Black "Castro, Neusa Aridas De"]
[Result "0-1"]
[WhiteTitle "WFM"]
[WhiteElo "1461"]
[BlackElo "1467"]
[WhiteTeam "Fiji"]
[BlackTeam "Mozambique"]
[WhiteFideId "11400269"]
[BlackFideId "14800250"]
[EventDate "2014.08.02"]

1. e4 e6 2. d4 d5 3. exd5 exd5 4. Nf3 Nf6 5. Nc3 c6 6. Bf4 Nbd7 7. Bd3 Be7 8.
O-O O-O 9. Re1 Re8 10. Qd2 Nf8 11. h3 Be6 12. Ne2 Bd6 13. Ng3 Qc7 14. Be5 Bxe5
15. Nxe5 N8d7 16. c3 Nxe5 17. Rxe5 Rad8 18. Rae1 c5 19. Qg5 cxd4 20. Nh5 Nxh5
21. Qxh5 g6 22. Qd1 dxc3 23. bxc3 Qxc3 24. Bc2 b5 25. Bb3 Qc8 26. Qd4 a6 27. Qb6
Kf8 28. Qe3 Qc6 29. Qd4 a5 30. a4 b4 31. Rxd5 Rxd5 32. Bxd5 Qxd5 33. Qf6 b3 34.
Qc3 Rc8 35. Qb2 Rc2 36. Qa3+ Kg8 37. Rb1 Qd4 38. Kh2 Qxf2 39. Rg1 b2 40. Qd3 Ba2 0-1

[Event "41st Olympiad Women 2014"]
[Site "Tromso NOR"]
[Date "2014.08.06"]
[Round "5.59"]
[Board "1"]
[White "Wakuruwarewa, Colletta"]
[Black "Al-khelaifi, Aisha"]
[Result "1/2-1/2"]
[WhiteElo "1633"]
[BlackElo "1690"]
[WhiteTeam "Zimbabwe"]
[BlackTeam "Qatar"]
[WhiteFideId "11001305"]
[BlackFideId "12100625"]
[EventDate "2014.08.02"]

1. e4 e5 2. Nf3 Nf6 3. Nxe5 d6 4. Nf3 Nxe4 5. Nc3 Nxc3 6. dxc3 Be7 7. Bf4 Be6 8.
Qd2 a6 9. O-O-O Nc6 10. Kb1 Qd7 11. Be2 h6 12. Nd4 Nxd4 13. Qxd4 Bf6 14. Qb4 O-O
15. h4 a5 16. Qb5 Qxb5 17. Bxb5 c6 18. Be2 d5 19. g4 g5 20. hxg5 hxg5 21. Be3
Be7 22. f4 gxf4 23. Bxf4 f6 24. Rde1 Rf7 25. Rh5 Rg7 26. Bh6 Rg6 27. Bd3 Rxg4
28. Rxe6 Kf7 29. Bf5 Rg1+ 30. Bc1 Rag8 31. Rh7+ R8g7 32. Rxg7+ Rxg7 33. b3 Rg1
34. Kb2 Rf1 35. Bh3 Rh1 36. Re3 Bd6 37. Rf3 Be5 38. Bc8 b5 39. Bf4 Bxf4 40. Rxf4
c5 41. Rf5 Rd1 42. Bd7 b4 43. Bc8 Ke7 44. c4 dxc4 45. Rxc5 c3+ 46. Rxc3 bxc3+
47. Kxc3 Rd6 48. Bf5 Rc6+ 49. Kd4 Kd6 50. a3 Rc5 51. Bd3 f5 52. b4 axb4 53. axb4
Rd5+ 54. Ke3 Ke5 55. b5 Rd4 56. Bxf5 Rb4 57. Bd3 Kd5 58. Kd2 Kc5 59. Kc3 Rb1 60.
Kd2 Rb2 1/2-1/2

[Event "41st Olympiad Women 2014"]
[Site "Tromso NOR"]
[Date "2014.08.06"]
[Round "5.59"]
[Board "2"]
[White "Al-Khelaifi, Kholoud"]
[Black "Zengeni, Tatenda Melisa"]
[Result "1/2-1/2"]
[WhiteElo "1511"]
[BlackElo "1660"]
[WhiteTeam "Qatar"]
[BlackTeam "Zimbabwe"]
[WhiteFideId "12100145"]
[BlackFideId "11001313"]
[EventDate "2014.08.02"]

1. d4 d5 2. c4 e6 3. Nc3 Nf6 4. cxd5 exd5 5. Bg5 c6 6. e3 Nbd7 7. Bd3 Be7 8. Qc2
h6 9. Bf4 O-O 10. Nf3 Re8 11. O-O c5 12. Nb5 Rf8 13. Bc7 Qe8 14. Nd6 Bxd6 15.
Bxd6 c4 16. Be2 Qe4 17. Qxe4 Nxe4 18. Bxf8 Nxf8 19. h3 Ng6 20. Bd1 Bd7 21. Bc2
f5 22. Rfd1 Re8 23. a4 a5 24. Ne1 Re7 25. Bxe4 fxe4 26. Rdc1 Be6 27. Rc3 Rc7 28.
Nc2 Ne7 29. Na3 Nc8 30. Nb5 Rc6 31. Rc2 Bd7 32. Nc3 Be6 33. Nb5 Bd7 34. Nc3 Be6
35. Nb5 Bd7 36. Nc3 Be6 37. Nb5 Bd7 1/2-1/2

[Event "41st Olympiad Women 2014"]
[Site "Tromso NOR"]
[Date "2014.08.06"]
[Round "5.59"]
[Board "3"]
[White "Masiyazi, Rhoda"]
[Black "Safar, Alshaymaa"]
[Result "0-1"]
[BlackTitle "WCM"]
[WhiteElo "1920"]
[BlackElo "1594"]
[WhiteTeam "Zimbabwe"]
[BlackTeam "Qatar"]
[WhiteFideId "11000090"]
[BlackFideId "12100510"]
[EventDate "2014.08.02"]

1. e4 d5 2. exd5 Qxd5 3. Nc3 Qd6 4. d4 Nf6 5. h3 a6 6. Nf3 b5 7. Bd3 Bb7 8. Be3
e6 9. O-O Be7 10. Qd2 Bxf3 11. gxf3 Nbd7 12. Ne4 Qd5 13. b3 Qh5 14. Kg2 O-O 15.
c4 b4 16. c5 Nd5 17. a3 a5 18. axb4 axb4 19. Ng3 Nxe3+ 20. fxe3 Qg5 21. f4 Qh4
22. Qxb4 Rab8 23. Qc3 f5 24. Ra7 Bd8 25. b4 Rf6 26. d5 exd5 27. Bxf5 Nf8 28. Qd3
c6 29. Qa3 g6 30. Bg4 g5 31. f5 Rc8 32. Qa6 Rb8 33. Nh5 Rh6 34. Ng3 Rf6 35. Rb1
Rh6 36. Ra8 Rxa8 37. Qxa8 Bc7 38. Ne2 Rf6 39. Ra1 h5 40. Qc8 hxg4 41. Qxc7 Qxh3+
42. Kg1 Qxe3+ 43. Kf1 Rxf5+ 44. Ke1 Re5 45. Ra2 g3 46. Qxc6 Qc1# 0-1

[Event "41st Olympiad Women 2014"]
[Site "Tromso NOR"]
[Date "2014.08.06"]
[Round "5.60"]
[Board "1"]
[White "Jaiswal, Bina"]
[Black "Pulpan, Oana"]
[Result "0-1"]
[BlackTitle "WFM"]
[WhiteElo "1592"]
[BlackElo "1846"]
[WhiteTeam "Nepal"]
[BlackTeam "Malta"]
[WhiteFideId "12301744"]
[BlackFideId "5600502"]
[EventDate "2014.08.02"]

1. e4 c5 2. Nf3 Nc6 3. d4 cxd4 4. Nxd4 Nf6 5. Nc3 g6 6. Be3 Bg7 7. Bc4 O-O 8.
O-O d6 9. h3 Bd7 10. Qd2 Rc8 11. Bb3 Na5 12. f4 Nc4 13. Bxc4 Rxc4 14. f5 a6 15.
Rad1 b5 16. a3 Qa8 17. Bg5 Nxe4 18. Nxe4 Qxe4 19. Rfe1 Bxd4+ 20. Be3 Rxc2 21.
Bxd4 Rxd2 22. Rxe4 Rxd1+ 23. Kh2 Bxf5 24. Rf4 e5 25. Bxe5 dxe5 26. Rf2 Rfd8 27.
Re2 e4 28. g4 R8d2 29. Rxd2 Rxd2+ 30. Kg3 Bxg4 31. hxg4 Rxb2 0-1

[Event "41st Olympiad Women 2014"]
[Site "Tromso NOR"]
[Date "2014.08.06"]
[Round "5.60"]
[Board "2"]
[White "Aguilar, Filipina"]
[Black "Khamboo, Monalisa"]
[Result "1-0"]
[WhiteTitle "WCM"]
[WhiteElo "1820"]
[BlackElo "1771"]
[WhiteTeam "Malta"]
[BlackTeam "Nepal"]
[WhiteFideId "5600464"]
[BlackFideId "12300080"]
[EventDate "2014.08.02"]

1. d4 d5 2. c4 c6 3. Nc3 Nf6 4. Bf4 dxc4 5. e3 b5 6. a4 a6 7. axb5 Nd5 8. Bxb8
Rxb8 9. bxa6 Rxb2 10. Nxd5 cxd5 11. a7 Bb7 12. Qa4+ Qd7 13. a8=Q+ Bxa8 14. Qxa8+
Qd8 15. Qc6+ Qd7 16. Ra8+ 1-0

[Event "41st Olympiad Women 2014"]
[Site "Tromso NOR"]
[Date "2014.08.06"]
[Round "5.60"]
[Board "3"]
[White "Adhikari, Ashmita"]
[Black "Farrugia, Jamie"]
[Result "0-1"]
[BlackTitle "WCM"]
[WhiteElo "1663"]
[BlackElo "1541"]
[WhiteTeam "Nepal"]
[BlackTeam "Malta"]
[WhiteFideId "12301329"]
[BlackFideId "5600898"]
[EventDate "2014.08.02"]

1. e4 e5 2. Nf3 Nc6 3. Bc4 Bc5 4. d3 Nf6 5. Bg5 d6 6. h3 Be6 7. Bb3 Qd7 8. Bxf6
gxf6 9. c3 f5 10. exf5 Bxf5 11. Ng5 Bg6 12. h4 h6 13. Ne4 Bxe4 14. dxe4 O-O-O
15. Bd5 f5 16. b4 Bb6 17. a4 a5 18. Qb3 Kb8 19. b5 Na7 20. Nd2 Rdf8 21. Nc4 Nc8
22. Nxb6 Nxb6 23. exf5 Nxd5 24. Qxd5 Qxf5 25. f3 Rhg8 26. Qd2 e4 27. O-O-O exf3
28. gxf3 Qxf3 29. Rhf1 Qh5 30. b6 Qc5 31. Rxf8+ Rxf8 32. bxc7+ Qxc7 33. Qxd6
Qxd6 34. Rxd6 Rf4 35. Rd4 Rf6 36. Kc2 Kc7 37. Kd3 Rd6 38. Rxd6 Kxd6 39. Kd4 h5
40. Kc4 Kc6 41. Kd4 Kd6 42. Ke4 Kc5 43. Kf5 b5 44. axb5 a4 45. b6 Kxb6 46. Kg5
a3 47. Kxh5 a2 48. Kg6 a1=Q 49. h5 Qg1+ 50. Kf7 Qf2+ 51. Kg6 Qg3+ 52. Kf5 Qh4
53. Kg6 Qg4+ 54. Kh6 Kc6 55. c4 Kd6 56. c5+ Ke6 0-1

[Event "41st Olympiad Women 2014"]
[Site "Tromso NOR"]
[Date "2014.08.06"]
[Round "5.61"]
[Board "1"]
[White "Dahdal, Lougain"]
[Black "Ooft, Tesora"]
[Result "1/2-1/2"]
[WhiteTitle "WIM"]
[BlackTitle "WCM"]
[WhiteElo "1973"]
[BlackElo "1737"]
[WhiteTeam "Jordan"]
[BlackTeam "Surinam"]
[WhiteFideId "8102880"]
[BlackFideId "8200475"]
[EventDate "2014.08.02"]

1. d4 d5 2. c4 c6 3. Nf3 Nf6 4. Qc2 Nbd7 5. e3 Ne4 6. Bd3 Ndf6 7. Nc3 Nxc3 8.
bxc3 Bg4 9. Ne5 e6 10. cxd5 exd5 11. O-O Bd6 12. f4 Bc8 13. Bd2 Qe7 14. Rae1 Ne4
15. Bxe4 dxe4 16. Qxe4 Be6 17. Qc2 f6 18. Nf3 Qf7 19. e4 Bxa2 20. e5 Be7 21.
exf6 gxf6 22. Re3 O-O 23. Nh4 Kh8 24. Nf5 Bd8 25. Rfe1 Bd5 26. Rg3 Re8 27. Be3
Bc7 28. Rg7 Qxg7 29. Nxg7 Kxg7 30. Qf5 Re7 31. Bf2 Rae8 32. Rxe7+ Rxe7 33. Bh4
Rf7 34. Qg4+ Kh8 35. Qc8+ Kg7 36. Qxb7 Bxf4 37. Qa6 Be3+ 38. Kf1 Be4 39. Qe2 Re7
40. Qg4+ Kf7 41. Qh5+ Kg7 42. Qc5 Bd3+ 43. Ke1 Kf7 44. Qxc6 1/2-1/2

[Event "41st Olympiad Women 2014"]
[Site "Tromso NOR"]
[Date "2014.08.06"]
[Round "5.61"]
[Board "2"]
[White "Ramos Dos, Rosangela"]
[Black "Fuad Kamel Jamaliah, Natalie"]
[Result "0-1"]
[WhiteTitle "WCM"]
[BlackTitle "WIM"]
[WhiteElo "1723"]
[BlackElo "2003"]
[WhiteTeam "Surinam"]
[BlackTeam "Jordan"]
[WhiteFideId "8200521"]
[BlackFideId "724190"]
[EventDate "2014.08.02"]

1. Nf3 d5 2. g3 Nf6 3. Bg2 Bf5 4. O-O e6 5. d3 Bc5 6. Nbd2 O-O 7. h3 c6 8. c3
Nbd7 9. b4 Bb6 10. Nh4 Bg6 11. Kh2 Nh5 12. c4 Bc7 13. Nxg6 hxg6 14. Nf3 Ne5 15.
c5 Qb8 16. Qe1 a5 17. Bd2 a4 18. a3 Nd7 19. Ng5 Re8 20. e4 f6 21. Nf3 g5 22. Nd4
g6 23. Ne2 Ne5 24. Qb1 dxe4 25. dxe4 g4 26. Nf4 Nxf4 27. Bxf4 gxh3 28. Bxh3 Nf3+
29. Kg2 Nh4+ 30. gxh4 Bxf4 31. Qa2 Qe5 32. Qe2 Kf7 33. Bg4 Rh8 34. Rh1 Rad8 35.
Ra2 Rd4 36. f3 Rhd8 37. Kf1 Rd1+ 38. Kg2 R1d2 39. Rxd2 Rxd2 40. Qxd2 Bxd2 41. h5
gxh5 42. Rxh5 Qb2 43. Kh3 Bf4 0-1

[Event "41st Olympiad Women 2014"]
[Site "Tromso NOR"]
[Date "2014.08.06"]
[Round "5.61"]
[Board "3"]
[White "Alattar, Ghayda M."]
[Black "Romalho, Gelique"]
[Result "1-0"]
[WhiteTitle "WFM"]
[WhiteElo "1950"]
[BlackElo "1537"]
[WhiteTeam "Jordan"]
[BlackTeam "Surinam"]
[WhiteFideId "8101531"]
[BlackFideId "8201080"]
[EventDate "2014.08.02"]

1. d4 d5 2. Nc3 Nf6 3. Bg5 Nbd7 4. e3 c6 5. f4 Qb6 6. Rb1 h6 7. Bxf6 Nxf6 8. Nf3
Bf5 9. Bd3 Bxd3 10. cxd3 e6 11. O-O Be7 12. Ne5 O-O 13. g4 Bd6 14. g5 hxg5 15.
fxg5 Bxe5 16. gxf6 Bxf6 17. Kh1 Rfe8 18. Qh5 Kf8 19. Rf2 Ke7 20. Qf3 Rh8 21.
Rbf1 Raf8 22. Re2 Ke8 23. Qg3 Rh7 24. e4 Bxd4 25. exd5 cxd5 26. Qb8+ Ke7 27.
Nxd5+ 1-0

[Event "41st Olympiad Women 2014"]
[Site "Tromso NOR"]
[Date "2014.08.06"]
[Round "5.61"]
[Board "4"]
[White "Adhin, Anviti"]
[Black "Boshra, Alshaeby"]
[Result "0-1"]
[WhiteTitle "WCM"]
[BlackTitle "WFM"]
[WhiteElo "1622"]
[BlackElo "1947"]
[WhiteTeam "Surinam"]
[BlackTeam "Jordan"]
[WhiteFideId "8201200"]
[BlackFideId "8102937"]
[EventDate "2014.08.02"]

1. d4 Nf6 2. Nf3 c5 3. e3 g6 4. dxc5 Qa5+ 5. Nbd2 Bg7 6. a3 Qxc5 7. b4 Qc7 8.
Bb2 O-O 9. Rb1 d6 10. Bd3 Nc6 11. c4 b6 12. O-O Bb7 13. Qb3 Nd7 14. Bxg7 Kxg7
15. Rfc1 Nce5 16. Nxe5 Nxe5 17. Be4 Rac8 18. Bxb7 Qxb7 19. Rc2 Qd7 20. f3 Rc7
21. Rbc1 Rfc8 22. Qb2 Kg8 23. Rc3 Qf5 24. Qc2 Qe6 25. Qb3 h6 26. Kf2 Qf6 27. Kg1
Qh4 28. R3c2 Kg7 29. Rc3 f5 30. R3c2 Nd7 31. Rc3 Qf6 32. R3c2 Qe5 33. Qc3 Qxc3
34. Rxc3 b5 35. Kf2 Ne5 36. c5 dxc5 37. bxc5 Rxc5 38. Rxc5 Nd3+ 39. Kf1 Rxc5 40.
Rxc5 Nxc5 41. Ke2 Kf6 42. g3 e5 43. Nb1 Ke6 44. Nc3 a6 45. h3 Nb7 46. Kd3 Nd6
47. h4 Nc4 48. a4 Nb2+ 49. Kc2 Nxa4 50. Nxa4 bxa4 51. e4 fxe4 52. fxe4 Kd6 53.
Kd3 Kc5 54. Kc3 a3 0-1

[Event "41st Olympiad Women 2014"]
[Site "Tromso NOR"]
[Date "2014.08.06"]
[Round "5.62"]
[Board "1"]
[White "Menon Jayadev, Poornima"]
[Black "Faqih, Yara"]
[Result "1-0"]
[WhiteTitle "WFM"]
[WhiteElo "1935"]
[BlackElo "1410"]
[WhiteTeam "Ireland"]
[BlackTeam "Palestine"]
[WhiteFideId "2501775"]
[BlackFideId "11501642"]
[EventDate "2014.08.02"]

1. d4 Nf6 2. c4 g6 3. Nc3 Bg7 4. e4 d6 5. Nf3 O-O 6. Be2 Nbd7 7. O-O e5 8. d5
Nc5 9. Qc2 a5 10. Bg5 h6 11. Be3 b6 12. Nd2 Ne8 13. a3 f5 14. f4 exf4 15. Bxf4
g5 16. Be3 f4 17. Bf2 Nd7 18. Nb5 Ne5 19. Nf3 Ng4 20. Nfd4 Ne5 21. h3 Nf6 22. b4
axb4 23. axb4 Rb8 24. Ra7 Rf7 25. c5 bxc5 26. bxc5 dxc5 27. Ne6 1-0

[Event "41st Olympiad Women 2014"]
[Site "Tromso NOR"]
[Date "2014.08.08"]
[Round "6.1"]
[Board "2"]
[White "Madl, Ildiko"]
[Black "Ju, Wenjun"]
[Result "1/2-1/2"]
[WhiteTitle "IM"]
[BlackTitle "WGM"]
[WhiteElo "2347"]
[BlackElo "2559"]
[WhiteTeam "Hungary"]
[BlackTeam "China"]
[WhiteFideId "700550"]
[BlackFideId "8603006"]
[EventDate "2014.08.02"]

1. e4 c5 2. Nf3 Nc6 3. d4 cxd4 4. Nxd4 e5 5. Nb5 a6 6. Nd6+ Bxd6 7. Qxd6 Qe7 8.
Qxe7+ Ngxe7 9. Bd2 d5 10. Nc3 Be6 11. exd5 Nxd5 12. O-O-O O-O-O 13. Ne4 f6 14.
a3 Kb8 15. Kb1 h6 16. Bd3 f5 17. Nc5 Bc8 18. h4 Rhe8 19. Bc4 Nf6 20. Bc1 Re7 21.
Rxd8 Nxd8 22. Rd1 Nc6 23. b4 Kc7 24. f3 Nh5 25. Re1 Kd6 26. Rd1+ Kc7 27. Re1 Kd6
28. Rd1+ Kc7 29. Re1 Kd6 1/2-1/2

[Event "41st Olympiad Women 2014"]
[Site "Tromso NOR"]
[Date "2014.08.08"]
[Round "6.1"]
[Board "3"]
[White "Zhao, Xue"]
[Black "Gara, Anita"]
[Result "1-0"]
[WhiteTitle "GM"]
[BlackTitle "IM"]
[WhiteElo "2508"]
[BlackElo "2327"]
[WhiteTeam "China"]
[BlackTeam "Hungary"]
[WhiteFideId "8601283"]
[BlackFideId "709751"]
[EventDate "2014.08.02"]

1. d4 f5 2. g3 Nf6 3. Bg2 g6 4. Nf3 Bg7 5. O-O O-O 6. c4 d6 7. Nc3 Qe8 8. b3 e5
9. dxe5 dxe5 10. e4 Nc6 11. Re1 fxe4 12. Ng5 Bg4 13. Qd2 Rd8 14. Qb2 Nb4 15. Rf1
Nd3 16. Qa3 Nxc1 17. Raxc1 Bh6 18. h4 Bf3 19. Qxa7 Qc6 20. Bh3 Ng4 21. Nd5 Kh8
22. Qa3 Bxg5 23. hxg5 Rf7 24. Qb2 Qd6 25. Rfe1 Rdf8 26. Bxg4 Bxg4 27. Rxe4 Rxf2
28. Qxe5+ Qxe5 29. Rxe5 R2f5 30. Rce1 Rxe5 31. Rxe5 Kg7 32. Nxc7 h5 33. Ne8+ Kg8
34. Nf6+ Kf7 35. Kf2 Ra8 36. a4 Rd8 37. Ke3 Rd1 38. a5 Bf5 39. Rb5 Re1+ 40. Kd4
Bc8 41. Rc5 Bf5 42. Rc7+ Re7 43. Rxe7+ Kxe7 44. Kc5 Kd8 45. Kb6 Kc8 46. b4 Bd3
47. c5 Be2 48. b5 1-0

[Event "41st Olympiad Women 2014"]
[Site "Tromso NOR"]
[Date "2014.08.08"]
[Round "6.1"]
[Board "4"]
[White "Gara, Ticia"]
[Black "Tan, Zhongyi"]
[Result "1/2-1/2"]
[WhiteTitle "WGM"]
[BlackTitle "WGM"]
[WhiteElo "2321"]
[BlackElo "2468"]
[WhiteTeam "Hungary"]
[BlackTeam "China"]
[WhiteFideId "717444"]
[BlackFideId "8603642"]
[EventDate "2014.08.02"]

1. e4 c5 2. Nf3 Nc6 3. d4 cxd4 4. Nxd4 Qb6 5. Nb3 Nf6 6. Bd3 e6 7. O-O Be7 8.
Nc3 O-O 9. Kh1 a6 10. f4 d6 11. Qf3 Qc7 12. Bd2 b5 13. Rae1 Bb7 14. Qh3 Rfe8 15.
e5 dxe5 16. fxe5 Nxe5 17. Rxe5 Qxe5 18. Rxf6 Bxg2+ 19. Kxg2 Bxf6 20. Qxh7+ Kf8
21. Ne4 Ke7 22. Bb4+ Kd7 23. Nxf6+ Qxf6 24. Nc5+ Kc7 25. Ba5+ Kc8 26. Qe4 Qg5+
27. Kf1 Qd5 28. Qxd5 exd5 29. a4 Rh8 30. Kg2 bxa4 31. Nxa4 Kb7 32. Nb6 Rae8 33.
Nxd5 Rh5 34. c4 Reh8 35. Be4 Rxh2+ 36. Kg3 R8h3+ 37. Kf4 Rh4+ 38. Ke3 R2h3+ 39.
Bf3 g5 40. Bd8 Rxc4 41. Bxg5 Rc2 42. Bf6 Kc8 43. Nf4 Rg3 44. Ne2 Rg6 45. Bc3 Rb6
46. Bd5 Rbxb2 47. Bxb2 Rxb2 48. Bxf7 Rxe2+ 1/2-1/2

[Event "41st Olympiad Women 2014"]
[Site "Tromso NOR"]
[Date "2014.08.08"]
[Round "6.2"]
[Board "1"]
[White "Sanchez Castillo, Sarai Carolina"]
[Black "Sahl, Sheila Barth"]
[Result "0-1"]
[WhiteTitle "IM"]
[BlackTitle "WIM"]
[WhiteElo "2207"]
[BlackElo "2216"]
[WhiteTeam "Venezuela"]
[BlackTeam "Norway"]
[WhiteFideId "3900754"]
[BlackFideId "1500953"]
[EventDate "2014.08.02"]

1. e4 e5 2. Nf3 Nc6 3. Bc4 Nf6 4. d3 Be7 5. Nc3 O-O 6. a3 d6 7. h3 Na5 8. Ba2 c5
9. Nh2 Be6 10. Ng4 Bxa2 11. Rxa2 Nc6 12. Ne3 Nd4 13. g4 Ne8 14. Ncd5 Bh4 15. c3
Ne6 16. Nf5 Rc8 17. Rg1 Kh8 18. g5 Bxg5 19. Bxg5 Nxg5 20. Nde7 Ne6 21. Nxc8 Qxc8
22. b3 Nf4 23. Rg3 d5 24. c4 dxe4 25. dxe4 Qc6 26. f3 g6 27. Ne7 Qf6 28. Qd8 Qh4
29. Kf2 Nxh3+ 0-1

[Event "41st Olympiad Women 2014"]
[Site "Tromso NOR"]
[Date "2014.08.08"]
[Round "6.2"]
[Board "2"]
[White "Bjerke, Silje"]
[Black "Rovira Contreras, Tairu Manuela"]
[Result "1-0"]
[WhiteTitle "WIM"]
[BlackTitle "WIM"]
[WhiteElo "2189"]
[BlackElo "2076"]
[WhiteTeam "Norway"]
[BlackTeam "Venezuela"]
[WhiteFideId "1502786"]
[BlackFideId "3900533"]
[EventDate "2014.08.02"]

1. e4 e5 2. Nf3 Nc6 3. Bb5 a6 4. Ba4 Nf6 5. O-O Be7 6. d3 b5 7. Bb3 O-O 8. a4
Rb8 9. axb5 axb5 10. Nc3 d6 11. h3 Qe8 12. Re1 Be6 13. Nd5 Qd7 14. c3 h6 15. Ra6
Rfe8 16. Be3 Rb7 17. Qa1 Nb8 18. Ra8 c6 19. Nxe7+ Qxe7 20. Bxe6 Qxe6 21. Nd2 c5
22. Qa3 Nfd7 23. d4 b4 24. Qa5 exd4 25. cxd4 Qe7 26. Nc4 Nc6 27. Rxe8+ Qxe8 28.
Qa6 Rc7 29. Nxd6 Qf8 30. dxc5 Nde5 31. f4 Nd7 32. Rd1 Ndb8 33. Qb6 Rd7 34. Ra1
Kh7 35. Ra8 Rd8 36. Kh2 Qe7 37. Qb5 Qf6 38. e5 Qe7 39. Qc4 Kg8 40. Bf2 Kf8 41.
Bh4 g5 42. fxg5 hxg5 43. Bxg5 Qxe5+ 44. Bf4 Qf6 45. Bg3 Kg8 46. Ra1 Ne5 47. Qe4
Ng6 48. Ra7 1-0